000 00753nam a2200205 a 4500
001 000045973
005 20201002052544.0
008 150605s2009 dr 000 0 spa d
040 _aDO-SdBNP
_bspa
_cBNPHU
082 _axxxx
_bxxxx
100 1 _aGuzmán Saladín, Fabio J.
_974045
245 1 4 _aLas cláusulas abusivas en el derecho de consumo /
_cFabio J. Guzmán Saladín.
260 _aSanto Domingo :
_bEdiciones jurídicas Trajano Potentini,
_c2009.
300 _a130 p. ;
_c23 cm.
490 1 _aMonografías
500 _aIncluye datos biográficos del autor en la solapa de la cubierta
500 _aIncluye referencias bibliográficas y notas al pie de las páginas
504 _aBibliografía : p. 123-130
830 0 _aMonografías
_915334
999 _c45462
_d45462